دور عائلة روتشيلد في إنشاء دولة إسرائيل / (Record no. 30881)

MARC details
000 -الفاتح
حقل البيانات ثابتة الطول 01289nam a22003491i 4500
003 - محدد رقم الضبط
رقم الضبط EG-ScBUE
005 - وقت وتاريخ اخر تعامل مع التسجيلة
رقم الضبط 20250209110900.0
008 - عناصر البيانات ثابتة الطول - معلومات عامة
حقل البيانات ثابتة الطول 220731s2024 le f b 001 0dara d
020 ## - الرقم الدولى المعيارى للكتب
الرقم الدولى المعيارى للكتاب 9786144983614
040 ## - مصدر الفهرسة
وكالة الفهرسة الأصلية EG-ScBUE
لغة الفهرسة ara
قواعد الوصف rda
وكالة النسخ EG-ScBUE
وكالة التعديل EG-ScBUE
041 ## - رمز اللغة
رمز لغة النص/ المسارات الصوتية أو العنوان الانفرادي ara
043 ## - رمز المنطقة الجغرافية
رمز المنطقة الجغرافية a-is---
082 04 - رقم تصنيف ديوى العشرى
رقم الطبعة 22
رقم التصنيف 327
رقم المادة أ م ي
100 1# - المدخل الرئيسى - إسم شخصى
الإسم الشخصى أمين، معتمر،
الدور مؤلف.
240 10 - العنوان الموحد
عنوان موحد Role of Rothschild family in the establishing of the state of Israel.
لغة العمل Arabic
245 10 - بيان العنوان
العنوان دور عائلة روتشيلد في إنشاء دولة إسرائيل /
بيان المسئوليه,etc معتمر أمين.
250 ## - بيان الطبعة
بيان الطبعة الطبعة الأولى.
264 #1 - النشر، التوزيع
مكان الناشر او الموزع بيروت :
اسم الناشر او الموزع مركز دراسات الوحدة العربية،
تاريخ النشر أو التوزيع 2024.
300 ## - الوصف المادى
التعداد 383 صفحة ؛
أبعاد الوعاء 24 سم
336 ## - نوع المحتوى
source rdacontent
Carrier Type Term نص
Content Type Code txt
337 ## - نوع الوسيط
source rdamedia
Media Type Term بدون وسيط
Media Type Code n
338 ## - نوع الحامل أو الناقل
source rdacarrier
Carrier Type Term مجلد
Carrier Type Code nc
504 ## - تبصرة ببليوجرافية
تبصرة ببليوجرافية,الخ يشتمل على إرجاعات ببليوجرافية وكشاف.
541 ## - تبصرة المصدر المباشر للتزويد
مصدر التزويد Book fair 2025.
610 2# - المدخل الاضافى بالموضوع-اسم هيئة
مصدر الرأس أو المصطلح BUEsh
اسم الهيئة أو اسم السلطة كمدخل آل روتشيلد.
650 #7 - المدخل الاضافى بالموضوع-مصطلح موضوعى
مصدر الرأس أو المصطلح BUEsh
مصطلح موضوعي أو اسم جغرافي كعنصر مدخل العلاقات الخارجية.
650 #7 - المدخل الاضافى بالموضوع-مصطلح موضوعى
مصدر الرأس أو المصطلح BUEsh
مصطلح موضوعي أو اسم جغرافي كعنصر مدخل الصهيونية.
651 #7 - المدخل الاضافى بالموضوع - اسم جغرافى
مصدر الرأس أو المصطلح BUEsh
الاسم الجغرافي إسرائيل
التقسيم الفرعي العام علاقات خارجية.
653 ## - مصطلح تكشيفى غير مقيد
Arrived date list February2025
Resource For college Generalities
655 ## - مصطلح تكشيفى-نوع/شكل
التقسيم الفرعي الشكلي Reading book
942 ## - عناصر المدخل الإضافي( كوها)
مصدر التصنيف او مخطط الترفيف Dewey Decimal Classification
Holdings
حالة التراجع حالة الفقد مصدر التصنيف او خطة الترفيف حالة تلف ليس للاعارة مجموعات كوها المكان الدائم المكان الحالي موقع الترفيف تاريخ الاكتساب Source of acquisition سعر الشراء الطبيعي تعداد مسلسل / التسلسل الزمني رقم الاستدعاء الباركود Date last seen مُعار التكلفة نوع الوعاء
    Dewey Decimal Classification     مركز دراسات الوحدة العربية Central Library Central Library First floor 09/02/2025 Purchase 500.00 1488 327 أ م ي 000057243 29/09/2025 13/08/2025 625.00 Book - Borrowing